000 00471nam a2200181Ia 4500
005 20250317131222.0
008 008 250317s9999 xx 000 0 eng d
037 _aTextbook
040 _aFMSL
_beng
_cFMSL
041 _aeng
_2eng
084 _qFMSL
100 _aWilliams M R
_9282310
245 0 _aPerformance appraisal in management
260 _aHeinemann
_bHeinemann
_c1975
300 _a192p
942 _cTB
999 _c1267195
_d1267195